Makers of modern strategy : Military thought from Machiavelli to Hitler
Salvato in:
| Autore principale: | |
|---|---|
| Natura: | Libro |
| Lingua: | Undetermined |
| Pubblicazione: |
Princeton
Princeton University Press
1943
|
| Soggetti: | |
| Tags: |
Aggiungi Tag
Nessun Tag, puoi essere il primo ad aggiungerne! !
|
| Thư viện lưu trữ: | Trung tâm Học liệu Trường Đại học Cần Thơ |
|---|
| LEADER | 00593nam a2200205Ia 4500 | ||
|---|---|---|---|
| 001 | CTU_89401 | ||
| 008 | 210402s9999 xx 000 0 und d | ||
| 082 | |a 355.02 | ||
| 082 | |b E12 | ||
| 100 | |a Earle, Edward Mead | ||
| 245 | 0 | |a Makers of modern strategy : | |
| 245 | 0 | |b Military thought from Machiavelli to Hitler | |
| 245 | 0 | |c Edward Mead Earle | |
| 260 | |a Princeton | ||
| 260 | |b Princeton University Press | ||
| 260 | |c 1943 | ||
| 650 | |a Military art and science,Strategy,War | ||
| 650 | |x History | ||
| 904 | |i Bằng | ||
| 980 | |a Trung tâm Học liệu Trường Đại học Cần Thơ | ||